Structures in dynamics : finite dimensional deterministic studies

Αποθηκεύτηκε σε:
Λεπτομέρειες βιβλιογραφικής εγγραφής
Κύριος συγγραφέας: Broer, H. W. (Hendrik Wolter) 1950-
Άλλοι συγγραφείς: Dumortier, Freddy, Strien, Sebastian van 1956-
Μορφή: Βιβλίο
Γλώσσα:English
Δημοσίευση: Amsterdam : New York, N.Y. : North-Holland, Sole distributors for the U.S.A. and Canada, Elsevier Science Pub. Co., c1991
Σειρά:Studies in mathematical physics ; ; 2
Θέματα:
Ετικέτες: Προσθήκη ετικέτας
Δεν υπάρχουν, Καταχωρήστε ετικέτα πρώτοι!

MARC

LEADER 00000cam a2200000 i 4500
001 1/34151
008 941103s1991 eng d
020 |a 0444892575 
020 |a 0444892583 
035 |l 10039563 
035 |a 1993  |c ΣΕΙΜΕΝΗΣ 
040 |a GR-MY-UA  |b gre  |e aacr 
041 0 |a eng 
082 0 |a 515.352  |2 (20) 
100 1 |a Broer, H. W.  |q (Hendrik Wolter)  |d 1950- 
245 1 0 |a Structures in dynamics :  |b finite dimensional deterministic studies /  |c H.W. Broer ... [et al.] 
260 |a Amsterdam :   |a New York, N.Y. :   |b North-Holland,   |b Sole distributors for the U.S.A. and Canada, Elsevier Science Pub. Co.,   |c c1991 
300 |a xi, 309 p.;  |b ill.;  |c 24 cm 
490 1 |a Studies in mathematical physics  |v ; 2 
504 |a Includes bibliographical references and index 
650 0 0 |a Differentiable dynamical systems. 
700 1 |a Dumortier, Freddy. 
700 1 |a Strien, Sebastian van  |d 1956- 
830 0 |a Studies in mathematical physics ;  |v ; 2 
852 |a INST  |b SAMOS  |e 19941103  |h 515.352 STR  |p 005300003805  |q 005300003805  |t BK  |y 0 
909 |a Σ  |b 025233